| 000 | 00507nam a2200205Ia 4500 | ||
|---|---|---|---|
| 003 | OSt | ||
| 005 | 20231016105512.0 | ||
| 008 | 230312s9999||||xx |||||||||||||| ||und|| | ||
| 020 | _a978-9400707078 | ||
| 040 | _cabc | ||
| 082 |
_a629.135 _bCOL-I |
||
| 100 | _aCollinson;R.P.G | ||
| 245 | 0 | _aIntroduction to Avionics Systems | |
| 250 | _a3rd ed. | ||
| 260 |
_bSpringer _aUSA _c2011 |
||
| 300 | _a530 | ||
| 500 | _aIndex Given. | ||
| 650 |
_aAviation _vAvionics/Electronics/Mechanical |
||
| 942 |
_cBK _2ddc |
||
| 999 |
_c14353 _d14353 |
||